Statistics for 50 Highest Ratings in MLB the Show 18

Click here to take the quiz!

General Stats

  • This quiz has been taken 490 times
    (481 since last reset)
  • The average score is 17 of 50

Answer Stats

RatingPositionPosition% Correct
93CFMike Trout
96%
92SPClayton Kershaw
73%
912BJose Altuve
66%
85CPAroldis Chapman
65%
86RFAaron Judge
61%
903BNolan Arenado
58%
84SPJustin Verlander
56%
89SPMax Scherzer
53%
88RFBryce Harper
52%
87RFMookie Betts
52%
85LFGiancarlo Stanton
49%
92CPKenley Jansen
47%
87CBuster Posey
44%
89SPChris Sale
40%
851BAnthony Rizzo
39%
833BAlex Bregman
38%
863BKris Bryant
38%
87CPCraig Kimbrel
37%
851BFreddie Freeman
37%
85SSFrancisco Lindor
36%
863BJosh Donaldson
36%
831BCody Bellinger
35%
85SSCarlos Correa
34%
853BJustin Turner
32%
83SSTrea Turner
32%
91RPAndrew Miller
31%
863BManny Machado
31%
871BPaul Goldschmidt
31%
89SPCorey Kluber
30%
84CFGeorge Springer
30%
871BJoey Votto
28%
852BJose Ramirez
28%
87SPStephen Strasburg
28%
84CGary Sanchez
27%
843BAnthony Rendon
26%
85SSCorey Seager
24%
85SPMadison Bumgarner
21%
86SPNoah Syndergaard
20%
83CSalvador Perez
18%
83SPZack Greinke
18%
83CWilson Contreras
16%
85CFCharlie Blackmon
15%
853BAdrian Beltre
13%
84CPRoberto Osuna
12%
832BBrian Dozier
9%
832BDaniel Murphy
8%
85SPCarlos Carrasco
7%
83SPRich Hill
6%
84LFYoenis Cespedes
6%
83SPJames Paxton
5%

Score Distribution

Percentile by Number Answered

Percent of People with Each Score

Your Score History

You have not taken this quiz since the last reset